1081 1365 1752 1560 1032 1829 1230 1328 1997 1781 1264 1683 1395 1568 1195 1850 1430 1343 1642 1178 1034 1898 1001 1795 1175 1276 1532 1766 1721 1675 1243 1192 1739 1855 1438 1055 1040 1738 1179 1040 1107 1795 1276 1567 1895 1914 1766 1811 1640 1886 1699 1551 1896 1782 1821 1430 1138 1568 1786 1413 1376 1817 1431 1647 1293 1149 1474 1731 1990 1444 1334 1738 1099 1889 1440 1564 1627 1960 1009 1128 1139 1294 1979 1983 1538 1778 1301 1345 1822 1285 1535 1078 1231 1219 1644 1543 1626 1396 1862 BCNSPRNW ULIB Ver.6.0+V

เปลี่ยนเป็นภาษาไทย

Change to English
 แสดงรายละเอียดบรรณานุกรม
  กลับหน้าหลัก

Brief Record : Get Marc (ISO 2709) : E-mail record : QR code < ปิดหน้าต่าง
LEADER : 00000nas 2200000uu 4500
001    13399126218
003     ULIB
008    180731s||||||||th 000 0 tha d
022    ^a05879792
110    ^aโรงพยาบาลพิจิตร
245    ^aวารสารโรงพยาบาลพิจิตร
260    ^aพิจิตร :^bโรงพยาบาลพิจิตร,^c2560
310    ^aราย 6 เดือน
850 ^a ULIB^bปีที่ 34 ฉบับที่ 1 ฉ.1 ;ปีที่ 33 ฉบับที่ 1 ฉ.1 ;ปีที่ 34 ฉบับที่ 2 ฉ.1
945    ^p0^l0^i905248
945    ^p0^l0^i904958
945    ^p0^l0^i905371
999    ^aประนอม เกษจรัล
รายการนี้ยังไม่มีแท็ก
คุณยังไม่ได้ล็อกอิน คุณสามารถมีกิจกรรมร่วมกับเว็บไซต์ได้ แต่ต้องล็อกอินก่อน ::
  ล็อกอิน

รายการสื่อสารสนเทศ (วารสาร)

ดูแบบ: กล่อง รายการ
ARRIVED
ปีที่ 33 ฉบับที่ 1 ฉ.1
สถานที่: ห้องสมุดวิทยาเขตสวรรค์ประชารักษ์ >วารสาร
ARRIVED
ปีที่ 34 ฉบับที่ 1 ฉ.1
สถานที่: ห้องสมุดวิทยาเขตสวรรค์ประชารักษ์ >วารสาร
ARRIVED
ปีที่ 34 ฉบับที่ 2 ฉ.1
สถานที่: ห้องสมุดวิทยาเขตสวรรค์ประชารักษ์ >วารสาร
รายการใกล้เคียง
    ชื่อเรื่อง [วารสารโรงพยาบาลพิจิตร]

BibComment


ยังไม่เคยถูกคอมเมนท์

คอมเมนท์ทรัพยากรรายการนี้
  คอมเมนท์: วารสารโรงพยาบาลพ..


 Copyright 2026. Bcnsprnw @Library